000 01032nam a2200277 a 4500
001 000013766
005 20250924073801.0
008 091130s1985 dr abd 000 0 spa d
040 _aDO-SdBNP
_bspa
_cBNPHU
082 _a551.22
_bM181t
100 1 _aMadé, Nicolás
_931253
245 1 3 _aEl terremoto :
_betiología y predicción científica /
_cNicolás Madé, Ramón Morrison.
260 _aSanto Domingo :
_bUniversitaria,
_c1985.
300 _a128 p. :
_bil; mapa. ;
_c21 cm.
490 1 _aPublicaciones de la Universidad Autónoma de Santo Domingo
_v449
490 1 _aCiencia, tecnología y sociedad
_v2
504 _aBibliografía : p. 127-128
590 _aInventariado, 2020/MFF
650 4 _aTerremotos
_926259
650 4 _aPredicción sísmica
_920991
650 4 _aSismología
_931254
700 1 2 _aMorrison, Ramón
_917447
830 _aPublicaciones de la Universidad Autónoma de Santo Domingo
_v449
_952
830 0 _aCiencia, tecnología y sociedad
_v2
_931255
910 _aValidado. Control de calidad MMOLINA
999 _c13379
_d13379